Loading...
| Literature - World | 3 | 4 | 1 | 0 | 80 | 49 | 87.57 | 3 | 7 | 27.86 | 52.50 |
| Literature - American | 3 | 3 | 1 | 0 | 70 | 42 | 81.33 | 4 | 6 | 27.14 | 55.00 |
| Literature - European | 0 | 5 | 0 | 0 | 50 | 87 | 110.60 | 3 | 5 | 12.61 | 42.50 |
| Literature - British | 2 | 2 | 2 | 0 | 40 | 34 | 81.00 | 4 | 4 | 16.52 | 40.00 |
| Fine Arts - Visual | 1 | 2 | 1 | 0 | 30 | 62 | 98.33 | 1 | 3 | 8.90 | 25.00 |
| Fine Arts - Other | 1 | 0 | 0 | 0 | 15 | 82 | 82.00 | 1 | 1 | 4.27 | 10.00 |
| Social Science- Edited | 0 | 1 | 0 | 0 | 10 | 83 | 83.00 | 1 | 1 | 29.06 | 100.00 |
| History - World | 0 | 1 | 0 | 1 | 10 | 134 | 134.00 | 0 | 1 | 0.07 | 2.27 |
| Fine Arts - Auditory | 0 | 1 | 0 | 0 | 10 | 130 | 130.00 | 0 | 1 | 1.72 | 5.00 |
| Philosophy | 0 | 1 | 0 | 0 | 10 | 118 | 118.00 | 0 | 1 | 1.39 | 5.00 |
| Religion | 0 | 1 | 0 | 0 | 10 | 95 | 95.00 | 1 | 1 | 2.73 | 11.11 |
| Social Science | 0 | 1 | 0 | 0 | 10 | 108 | 108.00 | 1 | 1 | 1.81 | 11.11 |
| History - European | 0 | 1 | 1 | 0 | 5 | 98 | 98.00 | 0 | 1 | 2.28 | 5.00 |